Analýza optických nelineárních sdružovačů = Nonlinear optical couplers analysis : zkrácená verze Ph. D. thesis /

Hlavní autor: El Ghannam, Moustafa, 1973-
Korporativní autor: Vysoké učení technické v Brně. Ústav teoretické a experimentální elektrotechniky
Jazyk: Čeština
Vydáno: V Brně : Vysoké učení technické, 2003
Edice: Vědecké spisy Vysokého učení technického v Brně
Vědecké spisy Vysokého učení technického v Brně. PhD Thesis
Témata:
Fyzický popis: 27 s. : il. ; 21 cm
Knihy
Uloženo v:
LEADER 01940nam a2200433 a 4500
001 000680433
003 CZ BrMZK
005 20100402112010.0
007 ta
008 030804s2003 xr a f m 000 0 cze d
015 |a cnb001254374 
020 |a 80-214-2427-3  |q (brož.) 
035 |a (OCoLC)85066584 
040 |a BOA001  |b cze 
072 7 |a 621.38  |x Elektronika  |2 Konspekt  |9 19 
080 |a 621.372.8:535.8  |2 MRF 
080 |a 621.38:535.8  |2 MRF 
080 |a (043.3)378.245  |2 MRF 
080 |a (048.3)  |2 MRF 
100 1 |a El Ghannam, Moustafa,  |d 1973-  |7 mzk2003195704  |4 aut 
245 1 0 |a Analýza optických nelineárních sdružovačů =  |b Nonlinear optical couplers analysis : zkrácená verze Ph. D. thesis /  |c Moustafa El Ghannam 
246 3 1 |a Nonlinear optical couplers analysis 
260 |a V Brně :  |b Vysoké učení technické,  |c 2003 
300 |a 27 s. :  |b il. ;  |c 21 cm 
490 1 |a Edice PhD Thesis ;  |v sv. 194 
490 1 |a Vědecké spisy Vysokého učení technického v Brně 
500 |a Nad názvem: Vysoké učení technické v Brně, Fakulta elektrotechniky a komunikačních technologií, Ústav teoretické a experimentální elektrotechniky 
504 |a Obsahuje bibliografii 
650 0 7 |a optoelektronika  |7 ph123773  |2 czenas 
650 0 7 |a optické vlnovody  |7 ph195846  |2 czenas 
655 7 |a doktorské disertace  |7 fd186751  |2 czenas 
655 7 |a teze  |7 fd133701  |2 czenas 
710 2 |a Vysoké učení technické v Brně.  |b Ústav teoretické a experimentální elektrotechniky  |7 kn20010709201 
830 0 |a Vědecké spisy Vysokého učení technického v Brně 
830 0 |a Vědecké spisy Vysokého učení technického v Brně.  |p PhD Thesis 
910 |a BOA001  |b 2-1122.373 
990 |a BK 
996 6 |b 2610196372  |c 2-1122.373  |l MZK  |r Sklad / do 1 hodiny  |n 0  |p p.v.  |w 000680433  |u 000010  |a 1  |e BOA001  |j MZK50  |s P 
996 7 |b 2610196373  |c 2-1122.373  |l MZK  |r Sklad / do 1 hodiny  |n 2  |p p.v.  |w 000680433  |u 000020  |a 1  |e BOA001  |j MZK50  |s A